000 00846 a2200301 4500
001 112663
020 _a9781558854864 (alk. paper)
020 _a9781558855021 (pbk. : alk. paper)
041 _apor
082 _aAP Toddler [E]
092 _a2007061476
100 _aBertrand, Diane Gonzales.
250 _a. ed.
300 _a[32] p.
697 _aBilingual books - English-Spanish.
697 _aCousins
697 _aSpanish language materials - Bilingual.
697 _aAnniversaries - Fiction.
697 _aAnniversaries
697 _aCousins - Fiction.
697 _aPicture books for children.
856 _u000021/000021f8.jpg
040 _aBR-BrIDEA
_cBR-BrIDEA
090 _aAP Toddler [E]
_bBER
245 1 0 _aWe are cousins
_c Diane Gonzales Bertrand
260 _aHouston
_bPiƱata Books
_c2007
942 _cBK
999 _c112663
_d112663